000 00581nam a22002177a 4500
003 URS
005 20250828100514.0
008 250325b ||||| |||| 00| 0 eng d
020 _a9780273766407
040 _cURS
050 _aT56
_b.T212 2013
100 _911582
_aTaylor, Bernard W. III
245 _aIntroduction to Management Science
264 _aBoston
_bPearson Education
_c©2013
300 _a840 pages.,:
336 _2rdacontent
_atext
337 _2rdamedia
_aunmediated
338 _2rdacarrier
_avolume
650 0 _911583
_aManagement Science
942 _2lcc
_cR
999 _c85045
_d85043